000 00719nam a2200241 a 4500
005 20200104041615.0
008 150128b2009 ck ||||| |||| 00| 0 spa d
020 _a9789589742792
040 _aCO-BoIAVH
_cCO-BoIAVH
041 _aspa
044 _ack
082 0 4 _a581.7861
_bC78e
100 1 _aToro Murillo, Juan Lázaro
245 1 0 _aEstado del conocimiento de la flora silvestre en la jurisdicción de Corantioquia
260 _aMedellín:
_bCORANTIOQUIA,
_c2009.
300 _a432 p.
_c28 cm.
650 6 _aFlora silvestre
650 6 _aEspecies endémicas
650 6 _aEspecies amenazadas
650 6 _aFlora nativa
662 _aColombia
_bAntioquia
942 _cLIBRO
_2ddc
999 _c7145
_d7145